Mundo juvenil : (Record no. 28872)
[ view plain ]
| 000 -LEADER | |
|---|---|
| campo de control de longitud fija | 01025nam a2200289 i 4500 |
| 001 - NÚMERO DE CONTROL | |
| campo de control | 28872 |
| 003 - IDENTIFICADOR DE NÚMERO DE CONTROL | |
| campo de control | ES-MaACL |
| 005 - FECHA Y HORA DE LA ÚLTIMA TRANSACCIÓN | |
| campo de control | 20240525062943.0 |
| 007 - CAMPO FIJO DE DESCRIPCIÓN FÍSICA--INFORMACIÓN GENERAL | |
| campo de control de longitud fija | t| |
| 008 - DATOS DE LONGITUD FIJA--INFORMACIÓN GENERAL | |
| campo de control de longitud fija | 030120s1956 sp ||||1| spa d |
| 040 ## - FUENTE DE CATALOGACIÓN | |
| Centro/agencia transcriptor | ES-MaACL |
| 080 ## - NÚMERO DE LA CLASIFICACIÓN DECIMAL UNIVERSAL | |
| Número de la Clasificación Decimal Universal | 087.5:03=60 |
| 100 1# - ENTRADA PRINCIPAL--NOMBRE DE PERSONA | |
| Nombre de persona | Bamberger, Richard. |
| 9 (RLIN) | 25147 |
| Término indicativo de función/relación | Autor |
| 245 10 - MENCIÓN DEL TÍTULO | |
| Título | Mundo juvenil : |
| Resto del título | una enciclopedia para todos / |
| Mención de responsabilidad, etc. | redactada por Richard Bamberger, Fritz Brunner, Heinrich Lades ; adaptada por Oriol Gali Forés. |
| 250 ## - MENCION DE EDICION | |
| Mención de edición | 1ª ed. |
| 260 ## - PUBLICACIÓN, DISTRIBUCIÓN, ETC. | |
| Lugar de publicación, distribución, etc. | Barcelona : |
| Nombre del editor, distribuidor, etc. | Manuel Marín, |
| Fecha de publicación, distribución, etc. | 1956 |
| 300 ## - DESCRIPCIÓN FÍSICA | |
| Extensión | VIII, 667 páginas, 34 láminas : |
| Otras características físicas | ilustraciones, 4 mapas ; |
| Dimensiones | 27 cm. |
| 650 #7 - PUNTO DE ACCESO ADICIONAL DE MATERIA--TÉRMINO DE MATERIA | |
| 9 (RLIN) | 156655 |
| Término de materia o nombre geográfico como elemento de entrada | Enciclopedias infantiles y juveniles |
| 655 #7 - TERMINO DE INDIZACIÓN--GENERO/FORMA | |
| Fuente del término | tgfbne |
| 9 (RLIN) | 226844 |
| Datos o término principal de género/forma | Enciclopedias |
| 700 1# - ENTRADA AGREGADA--NOMBRE PERSONAL | |
| Nombre de persona | Brunner, Fritz. |
| 9 (RLIN) | 32191 |
| Término indicativo de función/relación | Autor |
| 700 1# - ENTRADA AGREGADA--NOMBRE PERSONAL | |
| Nombre de persona | Lades, Heinrich. |
| 9 (RLIN) | 69434 |
| Término indicativo de función/relación | Autor |
| 700 1# - ENTRADA AGREGADA--NOMBRE PERSONAL | |
| Nombre de persona | Gali Forés, Oriol. |
| 9 (RLIN) | 53396 |
| Término indicativo de función/relación | Adaptador |
| 852 ## - LOCALIZACIÓN | |
| Ubicación | ES-MaACL |
| Sublocalización o colección | R. 38871 |
| Ubicación en estantería | Sala Palomar |
| Número de control de estantería | C-10164 |
| 942 ## - ELEMENTOS DE ENTRADA SECUNDARIOS (KOHA) | |
| Tipo de ítem Koha | Libro impreso |
| Suprimir en OPAC | No |
| Estatus retirado | Estado de pérdida | Estado de daño | No para préstamo | Colección | Biblioteca de origen | Biblioteca actual | Ubicación en estantería | Fecha de adquisición | Fuente de adquisición | Total de préstamos | Signatura topográfica completa | Código de barras | Visto por última vez | Precio de reemplazo | Tipo de ítem Koha |
|---|---|---|---|---|---|---|---|---|---|---|---|---|---|---|---|
| Colección de referencia | Biblioteca del Ateneo de Madrid | Biblioteca del Ateneo de Madrid | Sala Palomar | 17/01/2008 | C-10164 | 1029808 | 23/02/2023 | 23/02/2023 | Libro impreso |
